000 00271nam a2200121Ia 4500
008 191201s2019 xx 000 0 und d
100 _aDUTT,Saikat
245 0 _aMachine Learning
260 _bPearson
_c2019
300 _a428
650 _aB.Tech(ME)
942 _2ddc
_cBK
_01
999 _c7111
_d7111